000 00685nam a22002177a 4500
005 20170124110036.0
010 _aB-031725
020 _c00.00
_a8176251585
035 _aB-031725
037 _bCen Lib/Ret
040 _adpl
_bEN
082 _a883.08
_bCRI
245 _aCritical essays on Anita Desai's fiction /
_cedited by Jaydipsinh Dodiya
260 _bIVY Publishing House
_aNew Delhi
_c2000
270 _bNew Delhi
_e110095
300 _a186p.
_c21cm(Hb)
650 _aDesai, Anita, -- 1937- -- Criticism and interpretation.
_922660
650 _aJourney of Anita Desai.
_922661
700 _aDodiya, Jaydipsinh
_922662
942 _2ddc
_cEN
_h883.08
_mCRI
999 _c128190
_d128190